| 000 | 00784nam a22002657a 4500 | ||
|---|---|---|---|
| 001 | 3752555 | ||
| 003 | OSt | ||
| 005 | 20230504035728.0 | ||
| 008 | 160614b xxu||||| |||| 00| 0 eng d | ||
| 010 | _a 82060920 | ||
| 020 |
_a0688013651 : _c$15.95 |
||
| 040 |
_aMMU _cMMU _dMMU _dMMU _dMMU _beng |
||
| 050 | 0 | 0 |
_aPS3569 .S54 _bM37 1982 |
| 082 | 0 | 0 |
_a813/.54 _219 |
| 100 | 1 | _aSheldon, Sidney. | |
| 245 | 1 | 0 |
_aMaster of the game / _cby Sidney Sheldon. |
| 250 | _a1st ed. | ||
| 260 |
_aNew York, N.Y. : _bW. Morrow, _c1982. |
||
| 300 |
_a495 p. : _c22 cm. |
||
| 650 | 0 |
_aBusinesswomen _xFiction. |
|
| 655 | 7 |
_aDetective and mystery stories. _2gsafd |
|
| 906 |
_a7 _bcbc _corignew _d2 _eopcn _f19 _gy-gencatlg |
||
| 942 |
_2lcc _cLOAN LOAN |
||
| 999 |
_c17533 _d17533 |
||